Quiz sur La Rochelle - Statistiques

Statistiques générales
  • Ce quiz a été pris 156 fois
  • Le résultat moyen est 6 sur 13
Statistiques - réponses
Hint Réponse % Correct
Nombre de victoire en champions cup 2
94%
Position dans le classement du plus grand port de plaisance de la façade Atlantique 1
87%
Position dans le classement des villes moyennes cyclables de France 1
87%
Nom de la compagnie de transport en commun Yelo
69%
Nom de la place ou se situait autrefois un château Verdun
48%
Nom du chef rochelais doublement étoilé Christopher Coutenceau
38%
Nom de l’ancien quartier de pêcheurs où se situe le bar « Chez Auguste » Le Gabut
38%
Nom de la plaine ou se situe La Rochelle Aunis
33%
Année d’apparition des premiers vélos en libre service 1976
28%
Nom du maire ayant lutté durant l’occupation allemande Léonce Vieljeux
24%
Nom du pertuis où se situe La Rochelle Antioche
16%
Nom du maire ayant lutté durant le siège de La Rochelle et qui aurait brandi son poignard et d'un coup, aurait fait sauter un éclat de marbre de sa table Jean Guiton
13%
Tour portant le nom du personnage historique ayant organisé le siège de La Rochelle Tour Richelieu
13%
Aucun quiz correspondant
Distribution des résultats
% des personnes avec chaque résultat
Percentile par nombre de réponses
Votre historique - résultats
Vous n’avez pas pris ce quiz